Если есть хороший друг: стихи и поэмы; для младшего школьного возраста

Dades bibliogràfiques
Autor principal: Шлыгин А. И. Алексей Иванович
Altres autors: Борисов А. (иллюстратор)
Idioma:rus
Publicat: Москва, Детская литература, 1990
Matèries:
Format: Llibre
KOHA link:https://koha.lib.tpu.ru/cgi-bin/koha/opac-detail.pl?biblionumber=156001

MARC

LEADER 00000nam0a2200000 4500
001 156001
005 20231031152851.0
010 |a 5080015063 
020 |a RU  |b 90-6836 
035 |a (RuTPU)RU\TPU\book\169190 
090 |a 156001 
100 |a 20090320d1990 c y0rusy5003 ca 
101 0 |a rus 
102 |a RU 
105 |a a z 000ay 
200 1 |a Если есть хороший друг  |e стихи и поэмы  |e для младшего школьного возраста  |f А. И. Шлыгин  |g худож. А. Борисов 
210 |a Москва  |c Детская литература  |d 1990 
215 |a 95 с.  |c ил.  |d 21 см 
610 1 |a детская литература 
610 1 |a стихи 
675 |a Р2  |z rus 
700 1 |a Шлыгин  |b А. И.  |g Алексей Иванович  |4 070 
702 1 |a Борисов  |b А.  |4 440 
801 0 |a RU  |b RuMRKP  |c 19950417  |g psbo 
801 1 |a RU  |b 63413507  |c 20090320  |g PSBO 
801 2 |a RU  |b 63413507  |c 20090320  |g PSBO 
942 |c BK